000 00730nam a2200229 a 4500
005 20210219152947.0
008 991125n 000 0 u
035 _aUPN01000069140
100 _aOchoa Nunez, Hernando
222 _aREVISTA DEL CONVENIO ANDRES BELLO
245 _aConsideración en torno al fomento de las industrias que producen bienes que se utilizan en la educación básica
300 _a27-32
362 _a1986 Año 10, no. 29 sep.-dic.
653 0 _aEDUCACION PRIMARIA
653 0 _aEQUIPO EDUCATIVO
653 0 _aINSTALACIONES EDUCATIVAS
653 0 _aMATERIAL EDUCATIVO
653 0 _aRECURSOS EDUCATIVOS
653 0 _aRELACION ESCUELA-INDUSTRIA
904 _aAC
_b006951
905 _aArticulo
999 _c64831
_d64831